[Event "Athens Epikoinonia 1st"]
[Site "Athens"]
[Date "2013.05.12"]
[Round "4.4"]
[White "Karaiskakis, Petros"]
[Black "Sienczewski, Zbigniew"]
[Result "0-1"]
[WhiteElo "1621"]
[BlackElo "2049"]
[PlyCount "22"]
[EventDate "2013.04.14"]
[EventType "swiss"]
[EventRounds "7"]
[EventCountry "GRE"]
[SourceTitle "EXT 2024"]
[Source "ChessBase"]
[SourceDate "2023.10.10"]
[SourceVersion "1"]
[SourceVersionDate "2023.10.10"]
[SourceQuality "1"]

1. d4 c5 2. d5 Nf6 3. Nc3 g6 4. Nf3 d6 5. e4 Bg7 6. Be2 0-0 7. 0-0 Na6 8. Bf4 Nc7 9. Qd2 b5 10. Bh6 b4 11. Bxg7 bxc3 0-1

[Event "Budapest FS06 FM-B"]
[Site "Budapest"]
[Date "2012.06.10"]
[Round "8"]
[White "Karaiskakis, Petros"]
[Black "Nemeth, Otto"]
[Result "1-0"]
[WhiteElo "1751"]
[BlackElo "1858"]
[PlyCount "53"]
[EventDate "2012.06.02"]
[EventType "tourn"]
[EventRounds "10"]
[EventCountry "HUN"]
[SourceTitle "CBM 148 Extra"]
[Source "ChessBase"]
[SourceDate "2012.06.22"]
[SourceVersion "1"]
[SourceVersionDate "2012.06.22"]
[SourceQuality "1"]

1. d4 Nf6 2. Nf3 d5 3. g3 c6 4. Bg2 h6 5. 0-0 Be6 6. a4 a5 7. Na3 Ne4 8. c4 dxc4 9. Ne5 Nd6 10. Qc2 Na6 11. Bd2 Nb4 12. Bxb4 axb4 13. Naxc4 Nxc4 14. Nxc4 Qxd4 15. Ne3 g6 16. Bxc6+ Bd7 17. Rfd1 Qxd1+ 18. Rxd1 Bxc6 19. b3 e6 20. Qb2 Rg8 21. Qd4 Be7 22. Qf4 h5 23. Nc4 Bd5 24. Nd6+ Bxd6 25. Qxd6 Bxb3 26. Rc1 Bxa4 27. Rc7 1-0

[Event "Budapest FS06 FM-B"]
[Site "Budapest"]
[Date "2012.06.08"]
[Round "6"]
[White "Karaiskakis, Petros"]
[Black "Gruz, Janos"]
[Result "1/2-1/2"]
[WhiteElo "1751"]
[BlackElo "1858"]
[PlyCount "28"]
[EventDate "2012.06.02"]
[EventType "tourn"]
[EventRounds "10"]
[EventCountry "HUN"]
[SourceTitle "CBM 148 Extra"]
[Source "ChessBase"]
[SourceDate "2012.06.22"]
[SourceVersion "1"]
[SourceVersionDate "2012.06.22"]
[SourceQuality "1"]

1. d4 d5 2. Nf3 g6 3. g3 Nh6 4. Bg2 Bg7 5. 0-0 0-0 6. b3 Nf5 7. Bb2 c5 8. c3 Nc6 9. Na3 cxd4 10. cxd4 Nd6 11. Nc2 Bd7 12. Ne5 Ne4 13. f3 Nf6 14. e4 dxe4 1/2-1/2

[Event "Budapest FS05 FM-B"]
[Site "Budapest"]
[Date "2012.05.09"]
[Round "5"]
[White "Karaiskakis, Petros"]
[Black "Nagy, Peter"]
[Result "0-1"]
[WhiteElo "1751"]
[BlackElo "1538"]
[PlyCount "32"]
[EventDate "2012.05.05"]
[EventType "tourn"]
[EventRounds "11"]
[EventCountry "HUN"]
[SourceTitle "CBM 148 Extra"]
[Source "ChessBase"]
[SourceDate "2012.06.22"]
[SourceVersion "1"]
[SourceVersionDate "2012.06.22"]
[SourceQuality "1"]

1. d4 Nf6 2. c4 e6 3. Nc3 d5 4. Nf3 c6 5. cxd5 exd5 6. Bg5 Bf5 7. e3 Nbd7 8. Be2 Bd6 9. Nh4 Bg6 10. Nxg6 hxg6 11. 0-0 Bxh2+ 12. Kh1 Bf4+ 13. Kg1 Bxg5 14. Bf3 Qc7 15. g3 Bxe3 16. Re1 Qxg3+ 0-1